书目信息 |
| 题名: |
简明现代建筑材料手册
|
|
| 作者: | 冯乃谦 主编 | |
| 分册: | ||
| 出版信息: | 北京 机械工业出版社 2021 |
|
| 页数: | 528页 | |
| 开本: | 26cm | |
| 丛书名: | ||
| 单 册: | ||
| 中图分类: | TU5 , TU5-62 | |
| 科图分类: | ||
| 主题词: | 建筑材料--jian zhu cai liao--手册 | |
| 电子资源: | ||
| ISBN: | 978-7-111-68798-6 | |
| 000 | 00863nam0 2200241 450 | |
| 001 | 2361065095 | |
| 005 | 20230209165806.83 | |
| 010 | @a978-7-111-68798-6@b精装@dCNY128.00 | |
| 100 | @a20201004d2021 em y0chiy0120 ea | |
| 101 | 0 | @achi |
| 102 | @aCN@b110000 | |
| 105 | @aa z 000yy | |
| 200 | 1 | @a简明现代建筑材料手册@Ajian ming xian dai jian zhu cai liao shou ce@f冯乃谦主编 |
| 210 | @a北京@c机械工业出版社@d2021 | |
| 215 | @a528页@c图@d26cm | |
| 300 | @a简明现代建筑工程手册系列 | |
| 330 | @a本书分三篇共31章,对当前使用的建筑材料进行了全面系统的梳理和归纳,充分利用图表将建筑材料的特性和物理量进行了分类汇总,以便于读者作为案头工具用书查阅使用。 | |
| 606 | 0 | @a建筑材料@Ajian zhu cai liao@j手册 |
| 690 | @aTU5@v5 | |
| 690 | @aTU5-62@v4 | |
| 701 | 0 | @a冯乃谦@Afeng nai qian@4主编 |
| 801 | 0 | @aCN@b河南城建学院图书馆@c20221025 |
| 905 | @dTU5-62@eF495 | |
| 简明现代建筑材料手册/冯乃谦主编.-北京:机械工业出版社,2021 |
| 528页:图;26cm |
| 简明现代建筑工程手册系列 |
| ISBN 978-7-111-68798-6(精装):CNY128.00 |
| 本书分三篇共31章,对当前使用的建筑材料进行了全面系统的梳理和归纳,充分利用图表将建筑材料的特性和物理量进行了分类汇总,以便于读者作为案头工具用书查阅使用。 |
| ● |
| 相关链接 |
|
|
|
正题名:简明现代建筑材料手册
索取号:TU5-62/F495
 
预约/预借
| 序号 | 登录号 | 条形码 | 馆藏地/架位号 | 状态 | 备注 |
| 1 | 1507858 | 215078582 | 材料与化工学院资料室/ [索取号:TU5-62/F495] | 在馆 | |
| 2 | 1507859 | 215078591 | 材料与化工学院资料室/ [索取号:TU5-62/F495] | 在馆 |